000 00667nam a2200193Ii 4500
003 JO-AjNU
008 230605s9999||||xx |||||||||||||| ||und||
040 _aJO-AjNU
_bara
_erda
_cJO-AjNU
041 _aara
050 1 4 _aGV211.S2 1980
100 3 _aالسهروردي، نجم الدين,
_eauthor
_914119
245 0 0 _aالموجز في فلسفة وتاريخ التربية البدنية والرياضية
264 3 1 _aبغداد: جامعة بغداد، 1980
300 _a238ص
336 _atext
_btxt
_2rdacontent
337 _aunmediated
_bn
_2rdamedia
338 _avolume
_bnc
_2rdacarrier
650 4 _aالتربية الرياضية- فلسفة
_914120
999 _aA3690
_c7258
_d7258